000 01169nam a22003137a 4500
001 7762
003 FISKH
005 20250805095812.0
008 250805b cb ||||| |||| 00| 0 eng d
020 _a1555139132
040 _aDLC
_cDLC
_dDLC
_beng
050 _a PZ7.M95316 M
082 _a 268.86
100 1 _aMurphy, Elspeth Campbell
_d(1947-)
245 1 4 _aThe mystery of the princess doll /
_cElspeth Campbell Murphy ; illustrated by Chris Wold Dyrud
250 _aThis edition first published in 1990
260 _aElgin :
_bChariot Books,
_c1990.
300 _a46 pages :
_billustrations ;
_c20 cm.
490 1 _aBeatitudes mysteries
505 _aJ
520 _aTheir investigation of the disappearance of an old doll from an antique show helps cousin detectives appreciate the meaning of the beatitude, "Blessed are those who are persecuted because of righteousness, for theirs is the Kingdom of Heaven."
521 8 _a500
_bLexile
521 8 _aJ
_bRaz-Plus
650 1 _aCousins
_xFiction.
650 1 _aMystery and detective stories.
_2Beautiful
700 1 _aDyrud, Chris Wold
_eillustrator
942 _2ddc
_cBK
_n0
999 _c7762
_d7762